[Event "Bergen Sommer op"]
[Site "Bergen"]
[Date "2003.08.07"]
[Round "5"]
[White "Larsen, Stig Borje"]
[Black "Schamaun, Thomas"]
[Result "1-0"]
[WhiteElo "1648"]
[BlackElo "1651"]
[PlyCount "129"]
[EventDate "2003.08.??"]
[EventType "swiss"]
[EventRounds "6"]
[EventCountry "NOR"]
[SourceTitle "EXT 2005"]
[Source "ChessBase"]
[SourceDate "2004.11.15"]
[SourceVersion "1"]
[SourceVersionDate "2004.11.15"]
[SourceQuality "1"]

1. e4 d5 2. exd5 Qxd5 3. Nc3 Qd8 4. Bc4 Nf6 5. Nf3 Bg4 6. Bxf7+ Kxf7 7. Ne5+ Kg8 8. Nxg4 h5 9. Ne5 Qd4 10. Qe2 Na6 11. d3 h4 12. Nf3 Qg4 13. Ng5 Nb4 14. f3 Qf5 15. a3 Nc6 16. Qe6+ Qxe6+ 17. Nxe6 Rh5 18. f4 h3 19. g3 Ng4 20. Ne4 g6 21. Bd2 Bh6 22. 0-0 Kf7 23. Nxc7 Rc8 24. Ng5+ Kg8 25. Nce6 Bxg5 26. fxg5 Nce5 27. Bc3 Rc6 28. Rf8+ Kh7 29. Nd8 Rf6 30. Rxf6 exf6 31. Bxe5 Nxe5 32. Rf1 Rxg5 33. Rxf6 Ng4 34. Rf7+ Kg8 35. Rf4 Ne3 36. c4 b5 37. Ne6 Re5 38. Rf8+ Kh7 39. Nf4 bxc4 40. dxc4 Ng4 41. Nxh3 Re1+ 42. Rf1 Re2 43. Ng5+ Kh6 44. h4 Rxb2 45. Rf7 Rb1+ 46. Kg2 Rb2+ 47. Kf1 Ne3+ 48. Ke1 Kh5 49. Ne4 Kg4 50. Nd2 Nc2+ 51. Ke2 Kxg3 52. Rxa7 Kxh4 53. c5 g5 54. Ra4+ g4 55. c6 Rb8 56. Nf3+ Kg3 57. Ne5 Re8 58. Rxg4+ Kh3 59. Re4 Nxa3 60. Re3+ Kg2 61. Rxa3 Rxe5+ 62. Kd3 Kf2 63. Kd4 Re8 64. Kc5 Re1 65. Rc3 1-0